LEADER 04168nam 2200637 450 001 9910816484403321 005 20230810190244.0 010 $a0-19-108348-8 035 $a(CKB)3710000000737950 035 $a(EBL)4545415 035 $a(MiAaPQ)EBC4545415 035 $a(Au-PeEL)EBL4545415 035 $a(CaPaEBR)ebr11237352 035 $a(OCoLC)953455153 035 $a(EXLCZ)993710000000737950 100 $a20160810h20162016 uy 0 101 0 $aeng 135 $aur|n|---||||| 181 $ctxt$2rdacontent 182 $cc$2rdamedia 183 $acr$2rdacarrier 200 10$aAI $eits nature and future /$fMargaret A. Boden 210 1$aOxford, England :$cOxford University Press,$d2016. 210 4$d©2016 215 $a1 online resource (209 pages) 300 $aDescription based upon print version of record. 311 08$aPrint version: Boden, Margaret A. AI : its nature and future. Oxford, England : Oxford University Press, ©2016 x, 198 pages 9780198777984 311 08$a0-19-877798-1 320 $aIncludes bibliographical references and index. 327 $aCOVER; ITS NATURE AND FUTURE; COPYRIGHT; DEDICATION; ACKNOWLEDGMENTS ; CONTENTS ; LIST OF FIGURES; Chapter 1: What is Artificial Intelligence? ; Virtual Machines ; The Major Types of AI ; AI Foreseen ; How AI Began ; Cybernetics ; How AI Divided ; Chapter 2: General Intelligence as the Holy Grail ; Supercomputers aren't Enough ; Heuristic Search ; Planning ; Mathematical Simplification ; Knowledge Representation ; Rule-Based Programs ; Frames, Word-Vectors, Scripts, Semantic Nets ; Logic and the Semantic Web ; Computer Vision ; The Frame Problem ; Agents and Distributed Cognition 327 $aMachine Learning Generalist Systems ; The Dream Revitalized ; Missing Dimensions ; Chapter 3: Language, Creativity, Emotion ; Language ; Creativity ; AI and Emotion ; Chapter 4: Artificial Neural Networks ; The Wider Implications of ANNs ; Parallel Distributed Processing ; Learning in Neural Networks ; Backprop and Brains-And Deep Learning ; Network Scandal ; Connections aren't Everything ; Hybrid Systems ; Chapter 5: Robots and Artificial Life ; Situated Robots and Interesting Insects ; Evolutionary AI ; Self-Organization ; Chapter 6: But is it Intelligence, Really? ; The Turing Test 327 $aThe Many Problems of Consciousness Machine Consciousness ; AI and Phenomenal Consciousness ; Virtual Machines and the Mind-Body Problem ; Meaning and Understanding ; Is Neuroprotein Essential? ; Not Just Brain, but Body too ; Moral Community ; Morality, Freedom, and Self ; Mind and Life ; The Great Philosophical Divide ; Chapter 7: The Singularity ; Prophets of the Singularity ; Competing Predictions ; Skepticism Defended ; Whole-Brain Emulation ; What We Should be Worrying about ; What's being Done about it ; REFERENCES ; ENDNOTES; Chapter 1; Chapter 2 ; Chapter 3 ; Chapter 4 ; Chapter 5 327 $aChapter 6 Chapter 7 ; INDEX 330 $aArtificial Intelligence surrounds us; in our homes, schools and offices, in our cinemas, in art galleries and - not least - on the Internet. Margaret Boden considers the realistic and unrealistic expectations we have placed on AI, analyses its progress, and considers the value of its byproducts. 517 3 $aArtificial intelligence 606 $aArtificial intelligence 606 $aArtificial intelligence$xSocial aspects 606 $aartificial intelligence$2aat$3(CStmoGRI)aat300251574 606 $aCOMPUTERS$xGeneral$2bisacsh 606 $aArtificial intelligence$2fast$3(OCoLC)fst00817247 606 $aArtificial intelligence$xSocial aspects$2fast$3(OCoLC)fst00817279 615 0$aArtificial intelligence. 615 0$aArtificial intelligence$xSocial aspects. 615 7$aartificial intelligence. 615 7$aCOMPUTERS$xGeneral. 615 7$aArtificial intelligence. 615 7$aArtificial intelligence$xSocial aspects. 676 $a006.3 700 $aBoden$b Margaret A.$0527579 801 0$bMiAaPQ 801 1$bMiAaPQ 801 2$bMiAaPQ 906 $aBOOK 912 $a9910816484403321 996 $aAI$93955709 997 $aUNINA LEADER 02496nam 2200697z- 450 001 9910557665403321 005 20220111 035 $a(CKB)5400000000044852 035 $a(oapen)https://directory.doabooks.org/handle/20.500.12854/76275 035 $a(oapen)doab76275 035 $a(EXLCZ)995400000000044852 100 $a20202201d2021 |y 0 101 0 $aeng 135 $aurmn|---annan 181 $ctxt$2rdacontent 182 $cc$2rdamedia 183 $acr$2rdacarrier 200 00$aThe Immunology and Biology of Brain Tumors 210 $aBasel, Switzerland$cMDPI - Multidisciplinary Digital Publishing Institute$d2021 215 $a1 online resource (88 p.) 311 08$a3-0365-0102-9 311 08$a3-0365-0103-7 330 $aImmunotherapy has become a viable treatment modality for a variety of cancers (and referred to as Science Magazine's "Breakthrough of the Year" in 2013, as well as ASCO's "Advance of the Year" in both 2016 and 2017). This Special Issue is focused on the relevance of immunobiology in brain tumors, touching on elements of immune suppression, immune stimulation, and the immune microenvironment, with culminations in translational immunotherapy. 606 $aMedicine and Nursing$2bicssc 610 $aAddison's disease 610 $aadrenal insufficiency 610 $abevacizumab 610 $acerebral radiation necrosis 610 $acheckpoint inhibitors 610 $acraniopharyngioma 610 $adiffusion tensor imaging 610 $aexosomes 610 $aGBM-associated macrophages (GAMs) 610 $ageneralized q-ball imaging 610 $aglioblastoma multiforme (GBM) 610 $aglioma 610 $ahigh-grade glioma 610 $ainflammation 610 $aInterleukin-6 610 $amultiple resections 610 $aoncoantigen 610 $aoncomiR-21 610 $aPD-1 610 $aPD-L1 610 $apituitary neuroendocrine tumors 610 $aSTAT3 inhibitor 610 $aTAM 610 $atreatment-related effects 610 $aTreg 610 $atumor angiogenesis 610 $atumor associate antigen 610 $atumor microenvironment (TME) 610 $avaccine therapy 610 $aVEGF 615 7$aMedicine and Nursing 700 $aGraner$b Michael$4edt$01327016 702 $aGraner$b Michael$4oth 906 $aBOOK 912 $a9910557665403321 996 $aThe Immunology and Biology of Brain Tumors$93037797 997 $aUNINA